| 000 | 00851nam a22002417a 4500 | ||
|---|---|---|---|
| 005 | 20150729104747.0 | ||
| 008 | 150603b xxu||||| |||| 00| 0 eng d | ||
| 010 | _aENG-113184 | ||
| 020 |
_a9788180386909 _c1895.00 |
||
| 035 | _aEN-96716 | ||
| 037 | _bDBAD/PUB | ||
| 040 |
_adpl _bEng |
||
| 082 | _a343.54095 | ||
| 100 | _aRow, Sanjiva | ||
| 245 | 1 | 0 |
_aCommentary on the Railways Act 1989 : _cby Sanjiva Row ; revised by Ejaz Ahmed _ba comprehensive examination of the Railways Act, 1989 ----------with the 1890 act and vice versa / |
| 250 | _a8th ed | ||
| 260 |
_aGurgaon _bLexisNexis _c2011 |
||
| 270 |
_a14th Floor, Building No.10, Tower-B, DLF Cyber City, Phase-II _bGugraon _e 122002 |
||
| 300 |
_acx,1114,55p. _c25cm(Hb) |
||
| 500 | _aIncludes index. | ||
| 700 | _aEjaz Ahmed | ||
| 942 |
_2ddc _cEN _mROW _h343.54095 |
||
| 999 |
_c94067 _d94067 |
||